000
00256nam a2200097Ia 4500
008
190216s9999||||xx |||||||||||||| ||und||
100
_a
Ummer Kutty A N P
245
0
_a
Vaithyutha Engineering Adisthana Thathwangal
260
_b
Kerala Basha Inst
942
_c
BK
999
_c
37828
_d
37828